O estado de São Paulo: livro destinado á leitura das Classes Primarias adiantadas

Gespeichert in:
Bibliographische Detailangaben
1. Verfasser: Amaral, Tancredo do
Format: Buch
Sprache:Portugiesisch
Erschienen: Rio de Janeiro Alves & Cia 1896
Katalog:MANES:  Suchergebnis im Bibliothekskatalog
Schulbuchspezifische Eigenschaften:
Schriftenreihe:Ensino Civico
Tags: Tag hinzufügen
Keine Tags, Fügen Sie den ersten Tag hinzu!
Hinzugefügt zu:07.05.2025
Geändert in:04.09.2025

MARC

LEADER 00000nam a22000007a 4500
005 20250904183210.0
008 250508b |||||||| |||| 00| 0 por d
040 |a centro_manes  |c CMU 
100 |a Amaral, Tancredo do  |9 44658 
245 |a O estado de São Paulo: livro destinado á leitura das Classes Primarias adiantadas 
260 |a Rio de Janeiro  |b Alves & Cia  |c 1896 
300 |a 189 p.  |c 18 x 11 cm 
440 |p Ensino Civico  |9 46040 
521 |a Contém ilustrações em preto e branco 
546 |a Brasil 
690 0 |a ECS 
691 0 |a PRI 
942 |2 ddc  |c BK 
999 |c 104721  |d 104721 
999 |c manes:104721  |d 104721